|
|
|
|
| LEADER |
00666nab a2200181 i 4500 |
| 001 |
misc10309 |
| 005 |
20191106143003.0 |
| 008 |
170607s1927 hu o 0|| hun d |
| 022 |
|
|
|a 0025-0260
|
| 040 |
|
|
|a SZTE Miscellanea Repozitórium
|b hun
|
| 041 |
|
|
|a hun
|
| 100 |
1 |
|
|a Quint József
|
| 245 |
1 |
2 |
|a A kisdedóvónőképzők új tanterve
|h [elektronikus dokumentum] /
|c Quint József
|
| 260 |
|
|
|c 1927
|
| 300 |
|
|
|a 51-53
|
| 490 |
0 |
|
|a Magyar pedagógia : a Magyar Tudományos Akadémia Pedagógiai Bizottságának folyóirata
|v 36
|
| 695 |
|
|
|a Tanterv óvónőképzés 1927, Tanterv
|
| 856 |
4 |
0 |
|u http://misc.bibl.u-szeged.hu/10309/1/mp_1927_2982_051-053.pdf
|z Dokumentum-elérés
|